000 00615nam a2200181Ia 4500
005 20260429112237.0
008 260429s9999||||xx |||||||||||||| ||und||
020 _a9789389127751
041 _aHindi
082 _a305.8
_bTHA
100 _aठाकुर, सूरत
245 0 _aहिमाचल प्रदेश की जनजातीय लोक संस्कृति /
_cसूरत ठाकुर
250 _a1st ed.
260 _aनई दिल्ली :
_bप्रकाशन संस्थान,
_c2023.
300 _a296 p.; Hb
650 _aHindi Literature
942 _cTB
999 _c53087
_d53087